Attitude to Africa / (Record no. 68244)
[ view plain ]
| 000 -LEADER | |
|---|---|
| fixed length control field | 00747nam a2200241 a 4500 |
| 001 - CONTROL NUMBER | |
| control field | 68244 |
| 003 - CONTROL NUMBER IDENTIFIER | |
| rucl marc code | BD-RjUL |
| 005 - DATE AND TIME OF LATEST TRANSACTION | |
| control field | 20211209081739.0 |
| 008 - FIXED-LENGTH DATA ELEMENTS--GENERAL INFORMATION | |
| fixed length control field | 931013s1951 enk 000 0 eng d |
| 035 ## - SYSTEM CONTROL NUMBER | |
| System control number | (BD-RjUL)68454 |
| 040 ## - CATALOGING SOURCE | |
| Original cataloging agency | BD-RjUL |
| Language of cataloging | eng |
| Transcribing agency | BD-RjUL |
| 041 ## - LANGUAGE CODE | |
| Language code of text/sound track or separate title | eng |
| 082 ## - DEWEY DECIMAL CLASSIFICATION NUMBER | |
| Edition number | 23 |
| Classification number | 325.341096 |
| Author mark and year | ATT 1951 |
| 245 10 - TITLE STATEMENT | |
| Title | Attitude to Africa / |
| Statement of responsibility, etc. | by W. Arthur Lewis ... [et al.] ; with a map by Bip Pares |
| 260 ## - PUBLICATION, DISTRIBUTION, ETC. (IMPRINT) | |
| Place of publication, distribution, etc. | Harmondsworth : |
| Name of publisher, distributor, etc. | Penguin Books, |
| Date of publication, distribution, etc. | 1951 |
| 300 ## - PHYSICAL DESCRIPTION | |
| Pagination | 155 p. : |
| Illustrations | ill. ; |
| Size | 18 cm |
| 490 1# - SERIES STATEMENT | |
| Series statement | A Penguin special ; |
| Volume/sequential designation | S 159 |
| 650 ## - SUBJECT ADDED ENTRY--TOPICAL TERM | |
| Topical term or geographic name as entry element | British colonies |
| 9 (RLIN) | 165485 |
| 651 #0 - SUBJECT ADDED ENTRY--GEOGRAPHIC NAME | |
| Geographic name | Africa |
| General subdivision | Foreign relations |
| 9 (RLIN) | 202312 |
| 700 ## - ADDED ENTRY--PERSONAL NAME | |
| Personal name | Lewis,W. Arthur |
| 830 #0 - SERIES ADDED ENTRY--UNIFORM TITLE | |
| Uniform title | A Penguin special ; |
| Volume number/sequential designation | S 159. |
| 942 ## - ADDED ENTRY ELEMENTS (KOHA) | |
| Source of classification or shelving scheme | Dewey Decimal Classification |
| Koha item type | Books |
| Lost status | Source of classification or shelving scheme | Damaged status | Not for loan | Collection code | Permanent Location | Current Location | Shelving location | Date acquired | Source of acquisition | Total Checkouts | Full call number | Date last seen | Copy number | Koha item type |
|---|---|---|---|---|---|---|---|---|---|---|---|---|---|---|
| Dewey Decimal Classification | Not For Loan | Non-fiction | Central Library, University of Rajshahi | Central Library, University of Rajshahi | Reading Room | 29/10/1990 | suakat osman Dhaka | 325.341096 ATT 1951 | 01/04/2017 | C-1 | Books |